Statystyki dla Czy znasz narodowość tego piłkarza? Level: Medium

Kliknij tutaj aby rozwiązać quiz!

Ogólne statystyki

  • Ten quiz został rozwiązany 94 razy
  • Średni wynik to 14 z 20

Statystyki odpowiedzi

ZawodnikNarodowość% Poprawnych
Pierre-Emerick AubameyangGabończyk / Gabon
96%
Jonathan DavidKanadyjczyk / Kanada
85%
Jordan AyewGhańczyk / Ghana
80%
VitinhaPortugalczyk / Portugalia
78%
Idrissa GueyeSenegalczyk / Senegal
78%
Josip IlicicSłoweniec / Słowenia
78%
André OnanaKameruńczyk / Kamerun
76%
Mehdi TaremiIrańczyk / Iran
73%
Pervis EstupiñánEkwadorczyk / Ekwador
71%
Joshua KingNorweg / Norwegia
68%
Edson ÁlvarezMeksykanin / Meksyk
67%
Ezgjan AlioskiMacedończyk / Macedonia
66%
Mariano DíazDominikanin / Dominikana
65%
Milot RashicaKosowianin / Kosowo
64%
Ismaël BennacerAlgierczyk / Algieria
62%
Miguel AlmirónParagwajczyk / Paragwaj
61%
Chris WoodNowozelandczyk / Nowa Zelandia
60%
Caoimhin KelleherIrlandczyk / Irlandia
59%
Renato TapiaPeruwiańczyk / Peru
52%
Manor SolomonIzraelczyk / Izrael
40%

Rozkład punktacji

Percentyl według liczby udzielonych odpowiedzi

Procent ludzi z każdym wynikiem

Twoja historia wyników

Nie rozwiązałeś tego quizu